Countries By Bordering Countries - Statistics

General Stats
  • This quiz has been taken 26 times
  • The average score is 13 of 15
Answer Stats
Hint Answer % Correct
IndiaChina Bhutan | Nepal
100%
Italy San marino | Vatican city
100%
SwedenFinland Russia Norway
95%
AzerbaijanTurkey Russia Armenia Georgia
91%
South KoreaRussia China North Korea
91%
FranceBrazil Guyana Suriname
91%
KazakhstanTurkmenistan Kyrgyzstan Tajikistan Afghanistan Uzbekistan
91%
ThailandLaos Vietnam Cambodia
86%
South AfricaMozambique Eswatini
86%
GuatemalaNicaragua El Salvador Honduras
86%
ThailandLaos China India Bangladesh Myanmar
86%
BulgariaGreece Georgia Armenia Azerbaijan Iran Iraq Syria Turkey
82%
CanadaGermany Denmark
77%
Switzerland Austria Liechtenstein
77%
SerbiaNorth Macedonia Montenegro Albania Kosovo
73%
No matching quizzes found
Score Distribution
Percent of People with Each Score
Percentile by Number Answered
Your Score History
You have not taken this quiz